000 00639nam a2200169Ia 4500
008 090201s9999 xx 000 0 und d
010 _aKPL-11772
040 _bमराठी
041 _aमराठी
082 _a27974
_b11772
100 _aअनु:- वंदना / प्राचार्य रजनीश
245 _aप्रेम-पुष्प
_cअनु:- वंदना / प्राचार्य रजनीश
260 _c2004
_bजीवन जागृती केंद्र प्रकाश
300 _a187
_bमोठा
600 _aप्रेम-पुष्प
942 _cBOOK
999 _c226748
_d226748